00280nam a2200121Ia 4500100002800000650001200028654001500040245003000055260004100085082001200126300000800138546001200146 aMehta V.G/ Mehta N. V.  aGeneral aIncome tax aIncome-tax ready reckoner bShri kuber publicationaBombayc1982 a343.052 a320 aENGLISH